Normal view
MARC view
- Dr. Bini Sam (Guide)
Entry Personal Name
001 - CONTROL NUMBER
- control field: 3500
003 - CONTROL NUMBER IDENTIFIER
- control field: OSt
005 - DATE AND TIME OF LATEST TRANSACTION
- control field: 20181001123456.0
008 - FIXED-LENGTH DATA ELEMENTS
- fixed length control field: 181001|| aca||aabn | a|a d
040 ## - CATALOGING SOURCE
- Original cataloging agency: OSt
- Transcribing agency: OSt
100 ## - HEADING--PERSONAL NAME
- Personal name: Dr. Bini Sam (Guide)
670 ## - SOURCE DATA FOUND
- Source citation: Work cat.: (OSt)14968: HAMEEDA BINDU VAHAB 3499, Evaluation of physiological cost and subjective assessment of existing coconut climibing devices
